00214nam a2200085Ia 4500001000800000005001700008008004100025245003900066260002300105104724120250826232232.0250824s9999 xx 000 0 und d 0aEN UZUN YÜZYILIcİLBER ORTAYLI bKRONİK YAYINLARI